Operations management /
The Student video library DVDs and the Student CD-ROM contain supplementary material for Operations management, 9th ed. and Principles of operations management, 7th ed. In the Virtual Office Hours on the DVDs, the authors walk students through each of the chapter solved problems. The video cases whi...
محفوظ في:
| المؤلف الرئيسي: | |
|---|---|
| مؤلفون آخرون: | |
| التنسيق: | كتاب |
| منشور في: |
Upper Saddle River, N.J. :
Pearson Prentice Hall,
c2008.
|
| الطبعة: | 9th ed. |
| الموضوعات: | |
| الوصول للمادة أونلاين: | http://www.loc.gov/catdir/toc/ecip0724/2007031675.html |
| الوسوم: |
إضافة وسم
لا توجد وسوم, كن أول من يضع وسما على هذه التسجيلة!
|
MARC
| LEADER | 00000cam a2200000 a 4500 | ||
|---|---|---|---|
| 020 | |a 9780138134549 |c TZS 99,400/= | ||
| 040 | |a MUL |b eng |e AACR | ||
| 082 | 0 | 0 | |a 658.5 HEI |
| 100 | 1 | |a Heizer, Jay. | |
| 240 | 1 | 0 | |a Production and operations management |
| 245 | 1 | 0 | |a Operations management / |c Jay Heizer, Barry Render. |
| 250 | |a 9th ed. | ||
| 260 | |a Upper Saddle River, N.J. : |b Pearson Prentice Hall, |c c2008. | ||
| 300 | |a 1 v. (various pagings) : |b ill. (chiefly col.) ; |c 29 cm. | ||
| 500 | |a Original edition published under the title: Production and operations management. | ||
| 500 | |a Accompanied by DVD Student video library. | ||
| 504 | |a Includes bibliographical references and indexes. | ||
| 520 | |a The Student video library DVDs and the Student CD-ROM contain supplementary material for Operations management, 9th ed. and Principles of operations management, 7th ed. In the Virtual Office Hours on the DVDs, the authors walk students through each of the chapter solved problems. The video cases which supplement the book's content feature real companies and allow students to watch short video clips and read about the topics. On the CD-ROM there are also 34 video clips and 28 active models referred to in the text and illustrating chapter-related topics. Excel problem-solving software is provided to enable creation of worksheets to model and solve problems | ||
| 546 | |a eng | ||
| 650 | 0 | |a Production management. | |
| 650 | 0 | |a Business logistics | |
| 650 | 0 | |a Management information systems | |
| 700 | 1 | |a Render, Barry. | |
| 856 | 4 | 1 | |u http://www.loc.gov/catdir/toc/ecip0724/2007031675.html |
| 942 | |c BK | ||
| 999 | |c 5676 |d 5676 | ||